<?xml version="1.0" encoding="UTF-8"?>
<record
    xmlns:xsi="http://www.w3.org/2001/XMLSchema-instance"
    xsi:schemaLocation="http://www.loc.gov/MARC21/slim http://www.loc.gov/standards/marcxml/schema/MARC21slim.xsd"
    xmlns="http://www.loc.gov/MARC21/slim">

  <leader>00868nam a22002057a 4500</leader>
  <datafield tag="999" ind1=" " ind2=" ">
    <subfield code="c">20774</subfield>
    <subfield code="d">20774</subfield>
  </datafield>
  <controlfield tag="005">20200130112248.0</controlfield>
  <controlfield tag="008">200130b        xxu||||| |||| 00| 0 spa d</controlfield>
  <datafield tag="040" ind1=" " ind2=" ">
    <subfield code="a">CO-BoIAVH </subfield>
    <subfield code="c">CO-BoIAVH </subfield>
  </datafield>
  <datafield tag="041" ind1=" " ind2=" ">
    <subfield code="a">spa</subfield>
  </datafield>
  <datafield tag="044" ind1=" " ind2=" ">
    <subfield code="a">ck</subfield>
  </datafield>
  <datafield tag="110" ind1=" " ind2=" ">
    <subfield code="a">Parques Nacionales Naturales de Colombia</subfield>
  </datafield>
  <datafield tag="245" ind1=" " ind2=" ">
    <subfield code="a">Parque Nacional Natural Tatam&#xE1;</subfield>
    <subfield code="c">Parques Nacionales Naturales de Colombia</subfield>
  </datafield>
  <datafield tag="260" ind1=" " ind2=" ">
    <subfield code="a">s.l:</subfield>
    <subfield code="b">Parques Nacionales Naturales de Colombia,</subfield>
    <subfield code="b">Embajada Real de los Pa&#xED;ses Bajos,</subfield>
    <subfield code="b">Corporaci&#xF3;n para la protecci&#xF3;n ambiental, cultural y el ordenamiento territorial,</subfield>
    <subfield code="c">s.f.</subfield>
  </datafield>
  <datafield tag="300" ind1=" " ind2=" ">
    <subfield code="a">51 p&#xE1;ginas,</subfield>
    <subfield code="b">Ilustraciones, mapas y tablas</subfield>
    <subfield code="c">20.8 x 21 cm</subfield>
  </datafield>
  <datafield tag="504" ind1=" " ind2=" ">
    <subfield code="a">Bibliograf&#xED;a (p&#xE1;gina 51)</subfield>
  </datafield>
  <datafield tag="650" ind1=" " ind2="0">
    <subfield code="a">Parque nacional natural</subfield>
    <subfield code="x">Tatam&#xE1;</subfield>
  </datafield>
  <datafield tag="650" ind1=" " ind2="0">
    <subfield code="a">Conservaci&#xF3;n de los recursos naturales</subfield>
  </datafield>
  <datafield tag="651" ind1=" " ind2="0">
    <subfield code="a">Cordillera ocidental</subfield>
  </datafield>
  <datafield tag="942" ind1=" " ind2=" ">
    <subfield code="2">z</subfield>
    <subfield code="c">Folleto</subfield>
  </datafield>
  <datafield tag="952" ind1=" " ind2=" ">
    <subfield code="0">0</subfield>
    <subfield code="1">0</subfield>
    <subfield code="2">z</subfield>
    <subfield code="4">0</subfield>
    <subfield code="7">0</subfield>
    <subfield code="8">HEMEROTECA</subfield>
    <subfield code="a">Bogota</subfield>
    <subfield code="b">Bogota</subfield>
    <subfield code="d">2020-01-30</subfield>
    <subfield code="l">0</subfield>
    <subfield code="o">FG-0455</subfield>
    <subfield code="p">034624</subfield>
    <subfield code="r">2020-01-30 00:00:00</subfield>
    <subfield code="t">Ej. 1</subfield>
    <subfield code="w">2020-01-30</subfield>
    <subfield code="x">Donacion</subfield>
    <subfield code="y">Folleto</subfield>
  </datafield>
</record>
